| 000 | 00523nam a2200181 a 4500 | ||
|---|---|---|---|
| 001 | 0402 | ||
| 005 | 20140414131917.0 | ||
| 008 | 040105s19uu xx 00 eng d | ||
| 050 |
_aER _bL96 1993 |
||
| 100 | _aMarks, Cathy | ||
| 245 |
_aLuckiest Christmas tree (The) / _cCathy Marks ; illustrated by Carolyn Ewing. |
||
| 260 |
_bParachute Press, _c1993. _aU. S. A : |
||
| 300 | _a1 v. p. : ill. ; cm. | ||
| 650 |
_aChristmas _xFiction. |
||
| 650 |
_aAnimals _xFiction. |
||
| 650 | _aChildren stories. | ||
| 999 |
_c111543 _d111543 |
||